Educación física; técnica y práctica /

Guardado en:
Autor Principal: Jacobson, Phyllis C.
Formato: Libro
Publicado: España : Ceac, 1986
Edición:2a. ed.
Materias:
Etiquetas: Agregar Etiqueta
Sin Etiquetas, Sea el primero en etiquetar este registro!
LEADER 01081nam a22002415a 4500
001 CEM.cems003437
005 19000101000000.0
008 130507s1986##################000#0#####d
003 CEMS
082 0 4 |a 371.73 
100 1 |a Jacobson, Phyllis C. 
245 1 0 |a Educación física; técnica y práctica /  |c Phyllis C. Jacobson 
250 |a 2a. ed. 
260 |a España :  |b Ceac,  |c 1986 
300 |a 522 p. 
505 0 |a La planificaci¢n de un programa de educaci¢n fisica efectivo.-Formaci¢n fisica.-Técnicas b sicas.-Técnicas de acci¢n estatica.-Elementos espaciales.-Calidad del movimiento.-Principios del movimiento.-Técnicas de aterrizaje, parada y finta.-Programa de estudios tecnicas basicas.-Ejercicios con pelota.-Juegos y volteretas.-Ejercicios con aparatos y equipo ligero.-Atletismo.- 
653 |a Atletismo 
653 |a Deportes 
653 |a Educacion 
653 |a Educacion fisica 
653 |a Fisiologia deportiva 
859 |a CEMS  |b BIB. CEMS - 11 de abril  |h 371.73  |i J154a2  |p 14942.88  |t Ej.1 
859 |a CEMS  |b BIB. CEMS - 11 de abril  |h 371.73  |i J154a2  |p 14978.88  |t Ej.2